[Event "Niteroi op 2nd"]
[Site "Niteroi"]
[Date "2022.09.04"]
[Round "5"]
[White "De Oliveira, Francemir Barra"]
[Black "Barbosa, Luiz Francisco da S"]
[Result "0-1"]
[WhiteElo "1599"]
[BlackElo "1729"]
[PlyCount "38"]
[EventDate "2022.09.01"]
[EventType "swiss"]
[EventRounds "9"]
[EventCountry "BRA"]
[SourceTitle "CBM 210 Extra"]
[Source "ChessBase"]
[SourceDate "2022.11.30"]
[SourceVersion "1"]
[SourceVersionDate "2022.11.30"]
[SourceQuality "1"]

1. e4 c5 2. Nf3 a6 3. Nc3 Nc6 4. d4 cxd4 5. Nxd4 Nf6 6. Bc4 e6 7. Bg5 Be7 8. f4 d6 9. Bb3 Qc7 10. a3 b5 11. 0-0 Na5 12. Ba2 Nc4 13. Qc1 Bb7 14. Re1 Qb6 15. Nce2 e5 16. b3 exd4 17. Kh1 Na5 18. e5 Qc6 19. Rg1 Ne4 0-1

[Event "Pan American-ch Seniors 65"]
[Site "Florianopolis"]
[Date "2022.06.23"]
[Round "4"]
[White "De Oliveira, Francemir Barra"]
[Black "Borensztajn, David"]
[Result "1-0"]
[WhiteElo "1584"]
[BlackElo "1643"]
[PlyCount "65"]
[EventDate "2022.06.21"]
[EventType "swiss"]
[EventRounds "9"]
[EventCountry "BRA"]
[SourceTitle "CBM 209 Extra"]
[Source "ChessBase"]
[SourceDate "2022.09.30"]
[SourceVersion "1"]
[SourceVersionDate "2022.09.30"]
[SourceQuality "1"]

1. e4 c5 2. Nf3 Nc6 3. d4 cxd4 4. Nxd4 Nf6 5. Nc3 g6 6. f4 d6 7. Be2 Bg7 8. Be3 0-0 9. Qd2 Nxd4 10. Bxd4 Be6 11. h3 Rc8 12. Bf3 Rc4 13. Ne2 Bd7 14. b3 Rc8 15. Rd1 Bc6 16. Qe3 Qc7 17. g4 e5 18. fxe5 dxe5 19. Bc3 Bb5 20. Bb4 Rfe8 21. c4 Bc6 22. 0-0 b5 23. g5 Nd7 24. Bg4 Bf8 25. Bxf8 Rxf8 26. c5 Rcd8 27. b4 Nb8 28. Nc3 a5 29. a3 axb4 30. axb4 Rxd1 31. Rxd1 Rd8 32. Nd5 Qb7 33. Nf6+ 1-0

[Event "Sao Paulo op-C U1700 8th"]
[Site "Sao Paulo"]
[Date "2019.10.17"]
[Round "1"]
[White "De Oliveira, Francemir Barra"]
[Black "Fugimoto, Rafael Aoki"]
[Result "1-0"]
[WhiteElo "1626"]
[BlackElo "1239"]
[PlyCount "67"]
[EventDate "2019.10.17"]
[EventType "swiss"]
[EventRounds "6"]
[EventCountry "BRA"]
[SourceTitle "CBM 192 Extra"]
[Source "Chessbase"]
[SourceDate "2019.11.06"]
[SourceVersion "1"]
[SourceVersionDate "2019.11.06"]
[SourceQuality "1"]

1. e4 c5 2. Nf3 e6 3. d4 cxd4 4. Nxd4 a6 5. a4 Qc7 6. Nc3 Nc6 7. Be2 Rb8 8. 0-0 Nf6 9. Kh1 Be7 10. f4 d6 11. Be3 0-0 12. Nf3 Bd7 13. Ng5 h6 14. Nf3 Rfc8 15. h3 Be8 16. Qd2 Nd7 17. f5 e5 18. Nd5 Qd8 19. c3 Na5 20. Ra3 Nc4 21. Bxc4 Rxc4 22. Qd3 Rcc8 23. b4 Ra8 24. Qd2 Bf6 25. g4 Be7 26. g5 h5 27. Rg1 Kh7 28. Qg2 Kh8 29. Qe2 Kg8 30. f6 gxf6 31. gxf6+ Kh8 32. Ng5 Kg8 33. Ne6+ Kh7 34. Qxh5# 1-0

[Event "Sao Paulo Schutt Cup"]
[Site "Sao Paulo"]
[Date "2019.09.15"]
[Round "5"]
[White "De Oliveira, Francemir Barra"]
[Black "Dos Santos, Gustavo Mota"]
[Result "0-1"]
[WhiteElo "1631"]
[BlackElo "1578"]
[PlyCount "148"]
[EventDate "2019.09.13"]
[EventType "swiss"]
[EventRounds "6"]
[EventCountry "BRA"]
[SourceTitle "EXT 2020"]
[Source "ChessBase"]
[SourceDate "2019.10.17"]
[SourceVersion "1"]
[SourceVersionDate "2019.10.17"]
[SourceQuality "1"]

1. e4 e5 2. Nf3 Nf6 3. Nc3 Nc6 4. a3 Be7 5. Bc4 0-0 6. d3 d6 7. h3 Be6 8. Nd5 Bxd5 9. exd5 Nb8 10. Bb3 Nfd7 11. c3 f5 12. Qe2 Na6 13. Bc2 Kh8 14. 0-0 Qe8 15. Re1 Qf7 16. c4 Rae8 17. b4 h6 18. Bb2 Bf6 19. Qd2 g5 20. Bc3 Qh5 21. Bd1 Qg6 22. Qb2 g4 23. hxg4 fxg4 24. Nh2 g3 25. fxg3 Qxg3 26. Bf3 Bh4 27. Rf1 Qg5 28. Bd2 Qg7 29. Rae1 Bxe1 30. Rxe1 Rg8 31. Qc1 h5 32. Re4 Nf6 33. Rh4 Qg3 34. Be1 Qg5 35. Qd1 Re7 36. Qd2 Qxd2 37. Bxd2 Rh7 38. Nf1 Nb8 39. Ng3 Nbd7 40. Nf5 Ng4 41. Ng3 Ndf6 42. Nf5 Re8 43. c5 dxc5 44. bxc5 Rd8 45. d6 cxd6 46. cxd6 Rdd7 47. Bg5 Kg8 48. Bd1 Kf8 49. Ba4 b5 50. Bb3 a5 51. Be6 Rb7 52. Rh3 b4 53. d4 bxa3 54. Kf1 Rb1+ 55. Ke2 Rb2+ 56. Kd1 a2 57. Bxa2 Rxa2 58. Rb3 exd4 59. Nxd4 Rd7 60. Rb8+ Kf7 61. Bf4 Nf2+ 62. Kc1 Ra4 63. Be3 N2g4 64. Nf5 Nxe3 65. Nxe3 Rxd6 66. Nf5 Rc6+ 67. Kb2 Rb4+ 68. Rxb4 axb4 69. Kb3 Rb6 70. Ne3 Kg6 71. Nc4 Rb8 72. Ne5+ Kg5 73. Nc6 Rb6 74. Nxb4 Nd5 0-1

[Event "Niteroi op 1st"]
[Site "Niteroi"]
[Date "2019.09.07"]
[Round "6"]
[White "Saraiva, Alexandre Pacheco"]
[Black "De Oliveira, Francemir Barra"]
[Result "1-0"]
[WhiteElo "1889"]
[BlackElo "1631"]
[PlyCount "79"]
[EventDate "2019.09.04"]
[EventType "swiss"]
[EventRounds "7"]
[EventCountry "BRA"]
[SourceTitle "EXT 2020"]
[Source "ChessBase"]
[SourceDate "2019.10.17"]
[SourceVersion "1"]
[SourceVersionDate "2019.10.17"]
[SourceQuality "1"]

1. d4 Nf6 2. c4 e6 3. Nf3 Be7 4. Nc3 a6 5. e4 0-0 6. Bd3 d6 7. 0-0 Nbd7 8. e5 Ne8 9. Qc2 f5 10. exf6 Ndxf6 11. Re1 h6 12. Re2 Kh8 13. Nh4 Kg8 14. Ng6 Rf7 15. Nf4 e5 16. dxe5 dxe5 17. Rxe5 Bd6 18. Re2 Ng4 19. Bg6 Nef6 20. Bxf7+ Kxf7 21. h3 Ne5 22. b3 Kg8 23. Bb2 Nf3+ 24. gxf3 Bxf4 25. Rd1 Qf8 26. Qg6 Bxh3 27. Nd5 Nxd5 28. Rxd5 Bg5 29. Qh5 Bf5 30. f4 g6 31. Qf3 Bh4 32. Qc3 Kf7 33. Qe5 Rc8 34. Rdd2 c6 35. a3 h5 36. b4 Bg4 37. Re3 Qh6 38. Rd6 Bf5 39. Qxf5+ gxf5 40. Rxh6 1-0

[Event "Niteroi op 1st"]
[Site "Niteroi"]
[Date "2019.09.05"]
[Round "2"]
[White "De Oliveira, Francemir Barra"]
[Black "Azevedo, Edmundo Roberto Ram"]
[Result "1-0"]
[WhiteElo "1631"]
[BlackElo "1940"]
[PlyCount "45"]
[EventDate "2019.09.04"]
[EventType "swiss"]
[EventRounds "7"]
[EventCountry "BRA"]
[SourceTitle "EXT 2020"]
[Source "ChessBase"]
[SourceDate "2019.10.17"]
[SourceVersion "1"]
[SourceVersionDate "2019.10.17"]
[SourceQuality "1"]

1. e4 d5 2. e5 Bf5 3. d4 e6 4. Nf3 c5 5. c3 Nc6 6. a3 Qb6 7. Be2 cxd4 8. cxd4 Bxb1 9. Rxb1 Bxa3 10. Bd2 Bb4 11. 0-0 Bxd2 12. Qxd2 Nge7 13. g4 0-0 14. Bd3 Ng6 15. Qe3 Rac8 16. h4 Nb4 17. h5 Ne7 18. Rfd1 Nxd3 19. Rxd3 Rc2 20. h6 Ng6 21. hxg7 Kxg7 22. Kg2 Rxb2 23. Rh1 1-0

[Event "American Continental 15th"]
[Site "Sao Paulo"]
[Date "2019.07.10"]
[Round "8"]
[White "De Oliveira, Francemir Barra"]
[Black "Da Silva, Jefferson Rian Ferr"]
[Result "1-0"]
[WhiteElo "1600"]
[BlackElo "1936"]
[PlyCount "53"]
[EventDate "2019.07.05"]
[EventType "swiss"]
[EventRounds "11"]
[EventCountry "BRA"]
[SourceTitle "CBM 191 Extra"]
[Source "ChessBase"]
[SourceDate "2019.09.30"]
[SourceVersion "1"]
[SourceVersionDate "2019.09.30"]
[SourceQuality "1"]

1. e4 e5 2. Nf3 Nf6 3. d3 Nc6 4. c3 d5 5. exd5 Qxd5 6. Be2 Bg4 7. Nbd2 0-0-0 8. Qc2 Bf5 9. c4 Qa5 10. 0-0 Nb4 11. Qc3 Bxd3 12. Bxd3 Rxd3 13. Qxe5 Bc5 14. a3 Nc6 15. Qf5+ Rd7 16. Qc2 Bd6 17. b4 Qh5 18. c5 Bf4 19. Nb3 Bxc1 20. Raxc1 a6 21. Qc4 Qd5 22. Qe2 Qd3 23. Qb2 Rhd8 24. Rb1 Na7 25. a4 c6 26. Na5 Nd5 27. Nc4 1-0

[Event "American Continental 15th"]
[Site "Sao Paulo"]
[Date "2019.07.09"]
[Round "6"]
[White "De Oliveira, Francemir Barra"]
[Black "Silva, Rodrigo"]
[Result "0-1"]
[WhiteElo "1600"]
[BlackElo "1803"]
[PlyCount "76"]
[EventDate "2019.07.05"]
[EventType "swiss"]
[EventRounds "11"]
[EventCountry "BRA"]
[SourceTitle "CBM 191 Extra"]
[Source "ChessBase"]
[SourceDate "2019.09.30"]
[SourceVersion "1"]
[SourceVersionDate "2019.09.30"]
[SourceQuality "1"]

1. e4 c5 2. Nf3 e6 3. c3 d5 4. e5 Nc6 5. d4 Qb6 6. Bd3 Bd7 7. dxc5 Bxc5 8. 0-0 a5 9. Qe2 Nge7 10. Bf4 Ng6 11. Bg3 Nce7 12. Nbd2 Nf5 13. Bxf5 exf5 14. h3 f4 15. Bh2 0-0 16. Nb3 Bb5 17. Qd2 Bxf1 18. Rxf1 a4 19. Nxc5 Qxc5 20. Bxf4 Nxf4 21. Qxf4 a3 22. b3 Qxc3 23. Ng5 h6 24. Nf3 Qb2 25. Nh4 Ra6 26. Nf5 Re8 27. Re1 Qxa2 28. e6 Raxe6 29. Rxe6 fxe6 30. Nxh6+ gxh6 31. Qxh6 Qa1+ 32. Kh2 Qg7 33. Qd2 Ra8 34. Qe2 Qg6 35. Qa2 d4 36. b4 d3 37. b5 d2 38. Qxd2 a2 0-1

[Event "American Continental 15th"]
[Site "Sao Paulo"]
[Date "2019.07.09"]
[Round "7"]
[White "Olivo, Anibal Ribeiro"]
[Black "De Oliveira, Francemir Barra"]
[Result "0-1"]
[WhiteElo "1649"]
[BlackElo "1600"]
[PlyCount "37"]
[EventDate "2019.07.05"]
[EventType "swiss"]
[EventRounds "11"]
[EventCountry "BRA"]
[SourceTitle "CBM 191 Extra"]
[Source "ChessBase"]
[SourceDate "2019.09.30"]
[SourceVersion "1"]
[SourceVersionDate "2019.09.30"]
[SourceQuality "1"]

1. e4 e5 2. Nf3 Nc6 3. Bb5 Bc5 4. 0-0 d6 5. c3 Bg4 6. d3 Nge7 7. Qe2 a6 8. Ba4 b5 9. Bc2 Ng6 10. Nbd2 0-0 11. h3 Nf4 12. Qd1 Qc8 13. hxg4 Qxg4 14. Nh4 Ne2+ 15. Qxe2 Qxe2 16. Nhf3 f5 17. d4 exd4 18. cxd4 Bxd4 19. Nxd4 0-1

[Event "American Continental 15th"]
[Site "Sao Paulo"]
[Date "2019.07.07"]
[Round "3"]
[White "Pereira Vera, Henry Alberto"]
[Black "De Oliveira, Francemir Barra"]
[Result "1-0"]
[WhiteElo "1790"]
[BlackElo "1600"]
[PlyCount "23"]
[EventDate "2019.07.05"]
[EventType "swiss"]
[EventRounds "11"]
[EventCountry "BRA"]
[SourceTitle "CBM 191 Extra"]
[Source "ChessBase"]
[SourceDate "2019.09.30"]
[SourceVersion "1"]
[SourceVersionDate "2019.09.30"]
[SourceQuality "1"]

1. b3 e5 2. Bb2 d6 3. e4 Be7 4. Nc3 c6 5. d4 Nd7 6. Nf3 Qc7 7. Bd3 Ngf6 8. Ne2 0-0 9. Ng3 g6 10. Qd2 Re8 11. h4 b5 12. h5 1-0

[Event "Concordia op 5th"]
[Site "Concordia"]
[Date "2019.05.05"]
[Round "9"]
[White "Rodio, Julia Brunetto"]
[Black "De Oliveira, Francemir Barra"]
[Result "1-0"]
[WhiteElo "1768"]
[BlackElo "1610"]
[PlyCount "49"]
[EventDate "2019.05.01"]
[EventType "swiss"]
[EventRounds "9"]
[EventCountry "BRA"]
[SourceTitle "CBM 190 Extra"]
[Source "ChessBase"]
[SourceDate "2019.07.15"]
[SourceVersion "1"]
[SourceVersionDate "2019.07.15"]
[SourceQuality "1"]

1. e4 e5 2. Nf3 Nc6 3. Bc4 Nf6 4. d3 Bc5 5. 0-0 d6 6. h3 h6 7. Nc3 Be6 8. Bb3 Qd7 9. Na4 Bb6 10. Nxb6 cxb6 11. Re1 0-0-0 12. c3 g5 13. Bxe6 fxe6 14. Nh2 Rde8 15. g3 h5 16. b4 Ne7 17. a4 g4 18. h4 Ng6 19. a5 b5 20. d4 Qg7 21. Bg5 Nh7 22. Qd2 Qf7 23. Be3 Nxh4 24. gxh4 g3 25. fxg3 1-0

[Event "Barueri op 3rd"]
[Site "Barueri"]
[Date "2019.04.21"]
[Round "5"]
[White "De Oliveira, Francemir Barra"]
[Black "Schultz, Rauanda"]
[Result "1-0"]
[WhiteElo "1614"]
[BlackElo "1594"]
[PlyCount "85"]
[EventDate "2019.04.19"]
[EventType "swiss"]
[EventRounds "6"]
[EventCountry "BRA"]
[SourceTitle "CBM 190 Extra"]
[Source "ChessBase"]
[SourceDate "2019.07.15"]
[SourceVersion "1"]
[SourceVersionDate "2019.07.15"]
[SourceQuality "1"]

1. e4 c6 2. d4 d5 3. Nc3 dxe4 4. Nxe4 Bf5 5. Ng3 Bg6 6. Nf3 Nf6 7. Bd3 e6 8. Bxg6 hxg6 9. 0-0 Nbd7 10. Bf4 c5 11. c3 cxd4 12. cxd4 Nd5 13. Bd2 Bd6 14. Re1 Rc8 15. Bg5 Qb6 16. Rb1 0-0 17. a3 N7f6 18. Qd2 Rc7 19. Rbc1 Rfc8 20. Rxc7 Rxc7 21. Ne5 Nh5 22. Bd8 Nhf6 23. Bxc7 Qxc7 24. Rc1 Qd8 25. Qc2 Qe7 26. Qc8+ Kh7 27. Qa8 Nb6 28. Qxa7 Nfd5 29. Qa5 Bc7 30. Qd2 Qf6 31. Re1 Kg8 32. b3 Nf4 33. Ne4 Qf5 34. g4 Nh3+ 35. Kg2 Qf4 36. Kxh3 Bxe5 37. dxe5 Qf3+ 38. Ng3 Nd5 39. Re4 f5 40. exf6 gxf6 41. Qe2 Qxb3 42. Rb4 Qxa3 43. Qxe6+ 1-0

[Event "Brazil Foz do Iguacu op"]
[Site "Foz do Iguacu"]
[Date "2018.05.18"]
[Round "6"]
[White "Farhat, Mohamed Abdallah"]
[Black "De Oliveira, Francemir Barra"]
[Result "1-0"]
[WhiteElo "1711"]
[BlackElo "1597"]
[PlyCount "51"]
[EventDate "2018.05.16"]
[EventType "swiss"]
[EventRounds "9"]
[EventCountry "BRA"]
[SourceTitle "CBM 184 Extra"]
[Source "ChessBase"]
[SourceDate "2018.06.28"]
[SourceVersion "1"]
[SourceVersionDate "2018.06.28"]
[SourceQuality "1"]

1. d4 Nf6 2. c4 e6 3. Nc3 b6 4. Bg5 Bb7 5. e3 Be7 6. Nf3 d6 7. Bd3 Nbd7 8. 0-0 h6 9. Bh4 c6 10. Re1 g5 11. Bg3 g4 12. Nd2 h5 13. Bh4 Nh7 14. Bxe7 Qxe7 15. e4 0-0-0 16. b4 e5 17. d5 Rdg8 18. Qa4 Nb8 19. Qxa7 Ng5 20. Be2 f6 21. Qxb6 Qg7 22. Rac1 Nh3+ 23. Kf1 Nd7 24. Qa5 Qg5 25. Nb5 Qf4 26. Qc7# 1-0

[Event "Brazil Foz do Iguacu op"]
[Site "Foz do Iguacu"]
[Date "2018.05.17"]
[Round "4"]
[White "Gatelli, Jacson Henrique"]
[Black "De Oliveira, Francemir Barra"]
[Result "1-0"]
[WhiteElo "1885"]
[BlackElo "1597"]
[PlyCount "85"]
[EventDate "2018.05.16"]
[EventType "swiss"]
[EventRounds "9"]
[EventCountry "BRA"]
[SourceTitle "CBM 184 Extra"]
[Source "ChessBase"]
[SourceDate "2018.06.28"]
[SourceVersion "1"]
[SourceVersionDate "2018.06.28"]
[SourceQuality "1"]

1. e4 e5 2. Nf3 Nc6 3. Nc3 Nf6 4. Bc4 Bc5 5. d3 d6 6. h3 Na5 7. Bb3 Nxb3 8. axb3 a6 9. 0-0 h6 10. Re1 g5 11. d4 exd4 12. Nxd4 0-0 13. Nd5 Nxd5 14. exd5 Qf6 15. Be3 Bd7 16. c3 Rae8 17. Qh5 Re5 18. c4 Rfe8 19. Qf3 Qg6 20. Red1 f5 21. Ne6 Bb4 22. Rf1 c6 23. Nc7 R8e7 24. dxc6 Bxc6 25. Nd5 Re8 26. Bd4 Bxd5 27. cxd5 g4 28. hxg4 fxg4 29. Qf4 Rf8 30. Bxe5 Rxf4 31. Bxf4 h5 32. g3 Qf5 33. Be3 Qc2 34. Rac1 Qxb3 35. Rc8+ Kf7 36. Rc7+ Kf6 37. Rxb7 Qxd5 38. Rxb4 Kg6 39. Rd4 Qa2 40. Rxd6+ Kf5 41. Bd4 Qa4 42. Bc3 Qa2 43. Re1 1-0

[Event "Sao Paulo op-C U1700 7th"]
[Site "Sao Paulo"]
[Date "2018.04.01"]
[Round "6"]
[White "De Oliveira, Francemir Barra"]
[Black "Sanchez, Ivan Roberto"]
[Result "0-1"]
[WhiteElo "1593"]
[BlackElo "1639"]
[PlyCount "89"]
[EventDate "2018.03.30"]
[EventType "swiss"]
[EventRounds "6"]
[EventCountry "BRA"]
[SourceTitle "EXT 2021"]
[Source "ChessBase"]
[SourceDate "2020.10.23"]
[SourceVersion "1"]
[SourceVersionDate "2020.10.23"]
[SourceQuality "1"]

1. e4 e6 2. d4 d5 3. e5 c5 4. b3 Nc6 5. Nf3 Qb6 6. Bd3 Bd7 7. dxc5 Bxc5 8. 0-0 Qc7 9. b4 Bb6 10. Bf4 Nge7 11. Re1 Ng6 12. Bg3 d4 13. b5 Nce7 14. c4 Rd8 15. Nbd2 Ba5 16. Re2 Bc3 17. Rb1 0-0 18. Ng5 h6 19. Nh3 Qb6 20. Qc2 Nf5 21. Nf3 f6 22. Bf4 Nxf4 23. Nxf4 fxe5 24. Nxe5 Ne7 25. Bh7+ Kh8 26. Nfg6+ Nxg6 27. Nxg6+ Kxh7 28. Nxf8+ Kg8 29. Nxd7 Rxd7 30. Qd3 Re7 31. Rd1 Qc5 32. Qg3 Qxc4 33. Rc2 Qxb5 34. Qg6 Qf5 35. Qxf5 exf5 36. Kf1 Kf7 37. Re2 Rd7 38. Re3 Rc7 39. Re5 g6 40. Rd5 Re7 41. Rd8 b5 42. g3 g5 43. R8xd4 Bxd4 44. Rxd4 Rb7 45. a4 0-1

[Event "Sao Paulo op-C U1700 7th"]
[Site "Sao Paulo"]
[Date "2018.03.30"]
[Round "2"]
[White "Haraguchi, Diego Sashaki"]
[Black "De Oliveira, Francemir Barra"]
[Result "0-1"]
[WhiteElo "1280"]
[BlackElo "1593"]
[PlyCount "46"]
[EventDate "2018.03.30"]
[EventType "swiss"]
[EventRounds "6"]
[EventCountry "BRA"]
[SourceTitle "EXT 2021"]
[Source "ChessBase"]
[SourceDate "2020.10.23"]
[SourceVersion "1"]
[SourceVersionDate "2020.10.23"]
[SourceQuality "1"]

1. d4 Nf6 2. c4 e6 3. Nc3 b6 4. Bg5 Be7 5. Nf3 Bb7 6. e3 d6 7. Be2 Nbd7 8. 0-0 0-0 9. Qc2 Ng4 10. Bxe7 Qxe7 11. h3 Nh6 12. Nh2 f5 13. Bf3 Bxf3 14. Nxf3 g5 15. d5 e5 16. e4 g4 17. hxg4 fxg4 18. Nh2 Qg5 19. Nb5 Qd8 20. Qe2 Nf6 21. f3 g3 22. Ng4 Nfxg4 23. fxg4 Qh4 0-1

[Event "Sao Paulo SP ECP op 3rd"]
[Site "Sao Paulo"]
[Date "2017.11.19"]
[Round "6.15"]
[White "Santos, Marcos Correia"]
[Black "De Oliveira, Francemir Barra"]
[Result "1/2-1/2"]
[WhiteElo "1636"]
[BlackElo "1592"]
[PlyCount "125"]
[EventDate "2017.11.17"]
[EventType "swiss"]
[EventRounds "6"]
[EventCountry "BRA"]
[SourceTitle "EXT 2022"]
[Source "ChessBase"]
[SourceDate "2021.10.06"]
[SourceVersion "1"]
[SourceVersionDate "2021.10.06"]
[SourceQuality "1"]

1. c4 Nf6 2. Nf3 e6 3. g3 b6 4. Bg2 Bb7 5. 0-0 d5 6. b3 Bd6 7. Bb2 Nbd7 8. d3 Qe7 9. Nc3 c6 10. cxd5 exd5 11. Nd4 g6 12. Re1 0-0-0 13. Qc2 Kb8 14. e4 Qe5 15. Nf3 Qh5 16. exd5 cxd5 17. Nb5 Rc8 18. Qd1 Bb4 19. Ne5 Rhf8 20. Qxh5 gxh5 21. Nxd7+ Nxd7 22. Re2 a6 23. a3 Bc5 24. Nc3 Nf6 25. Na4 Nd7 26. Bh3 Bc6 27. Nc3 f5 28. b4 Bd6 29. Re6 Be5 30. Re1 Bf6 31. Bg2 Bd4 32. Rh6 f4 33. Nd1 Bxb2 34. Nxb2 f3 35. Bh3 Bb5 36. a4 Bc6 37. Rc1 Kb7 38. Rxh7 Rc7 39. Rxh5 Re8 40. Bg4 Re2 41. Nc4 dxc4 42. dxc4 Nf6 43. b5 axb5 44. cxb5 Be8 45. Bxf3+ Re4 46. Bxe4+ Nxe4 47. Rxc7+ Kxc7 48. Re5 Bg6 49. h4 Kd6 50. Rxe4 Bxe4 51. f4 Bc2 52. h5 Ke6 53. g4 Bxa4 54. g5 Bxb5 55. g6 Kf6 56. f5 Kxf5 57. Kf2 Kg5 58. g7 Bc4 59. Ke3 Kxh5 60. Kd4 Bf7 61. Kc3 Kg6 62. Kb4 Kxg7 63. Kb5 1/2-1/2